Statistics for Cup song (Anna Kendrick)

Click here to take the quiz!

General Stats

  • This quiz has been taken 219 times
  • The average score is 187 of 208

Answer Stats

answer% Correct
I
100%
for
97%
long
97%
my
97%
The
97%
the
97%
way
97%
got
96%
ticket
96%
you
96%
round
95%
I'm
94%
when
94%
When
94%
gone
93%
gone,
93%
gonna
92%
me
92%
miss
92%
by
91%
to
91%
would
91%
And
90%
bottle
90%
company
89%
sure
89%
Two
89%
You're
89%
everywhere
87%
hair
87%
like
87%
some
87%
whiskey
86%
sweet
85%
I've
84%
of
84%
oh
83%
tomorrow
83%
leaving
82%
say?
82%
what
82%
do
80%
prettiest
78%
it
77%
talk
77%
walk
77%
with
77%
mountains,
75%
rivers
75%
views
75%
one
73%
It's
71%
be
70%
prettier
63%
sights
63%
shivers
61%
But
59%
give
56%

Score Distribution

Percentile by Number Answered

Percent of People with Each Score

Your Score History

You have not taken this quiz